[Event "SV Mülheim-Nord 4 - SC Listiger Bauer 1"]
[Site "Verbandsklasse - Gruppe 3 201"]
[Date "2018.10.07"]
[Round "2.3"]
[White "Mandl, Stefan"]
[Black "Sokalska, Viktoriya"]
[Result "1-0"]
[WhiteElo "1933"]
[BlackElo "1915"]
[PlyCount "69"]
[EventDate "2018.??.??"]

1. e4 c6 2. d4 d5 3. f3 dxe4 4. fxe4 e5 5. Nf3 Bg4 6. Bc4 Bxf3 7. Qxf3 Qh4+ 8.
g3 Qf6 9. O-O Qxf3 10. Rxf3 Nf6 11. dxe5 Bc5+ 12. Kg2 Nxe4 13. Bxf7+ Ke7 14.
Nc3 Nxc3 15. Bg5+ Kd7 16. Rxc3 h6 17. e6+ Kc8 18. Rxc5 hxg5 19. Rxg5 Na6 20.
Rd1 Rd8 21. e7 Rxd1 22. e8=Q+ Rd8 23. Be6+ Kc7 24. Rxg7+ Kb6 25. Qe7 Rab8 26.
Bc4 Re8 27. Qa3 Re5 28. Qd6 Rbe8 29. b4 Re4 30. Bxa6 Kxa6 31. Qd3+ Kb6 32. Qd7
Re2+ 33. Kh3 Kb5 34. Qxb7+ Kc4 35. Qxc6+ 1-0

[Event "SV Mülheim-Nord 4 - SC Listiger Bauer 1"]
[Site "Verbandsklasse - Gruppe 3 201"]
[Date "2018.10.07"]
[Round "2.4"]
[White "Schuermann, Jan"]
[Black "Wagner, Ole"]
[Result "1-0"]
[WhiteElo "1800"]
[BlackElo "1904"]
[PlyCount "97"]
[EventDate "2018.??.??"]

1. e4 c5 2. Nf3 Nc6 3. d4 cxd4 4. Nxd4 Nf6 5. Nc3 d6 6. Bg5 e6 7. Qd2 Be7 8.
O-O-O a6 9. Be2 Bd7 10. f4 Qc7 11. Bf3 Rc8 12. Rhe1 h6 13. Bxf6 gxf6 14. f5 Ne5
15. Bh5 Kd8 16. Bxf7 Nc4 17. Qd3 Qb6 18. Nb3 Ne5 19. Qd4 Qxd4 20. Nxd4 Nxf7 21.
fxe6 Be8 22. exf7 Bxf7 23. Nf5 Rc6 24. e5 fxe5 25. Rxe5 Bg5+ 26. Kb1 Bf6 27.
Nxd6 Kc7 28. Rf5 Rxd6 29. Rxd6 Kxd6 30. Rxf6+ Be6 31. Rf4 Rg8 32. g3 Ke5 33.
Kc1 Rg7 34. Kd2 Rc7 35. Rh4 Rf7 36. Rh5+ Rf5 37. Rxf5+ Kxf5 38. Ke3 Ke5 39. a3
Bf5 40. Kd2 Kd4 41. Ne2+ Ke5 42. c4 Bg4 43. b4 Bxe2 44. Kxe2 Kd4 45. c5 Kc3 46.
g4 Kb3 47. Kd3 Kxa3 48. Kc3 Ka4 49. Kc4 1-0

[Event "SV Mülheim-Nord 4 - SC Listiger Bauer 1"]
[Site "Verbandsklasse - Gruppe 3 201"]
[Date "2018.10.07"]
[Round "2.5"]
[White "Petri, Norbert"]
[Black "Lamberti, Michele"]
[Result "1-0"]
[WhiteElo "1864"]
[BlackElo "1739"]
[PlyCount "63"]
[EventDate "2018.??.??"]

1. c4 c6 2. e4 g6 3. d4 d6 4. Nc3 Bg7 5. g3 Nf6 6. Bg2 O-O 7. Nf3 Bg4 8. h3
Bxf3 9. Bxf3 Nbd7 10. O-O e5 11. d5 cxd5 12. cxd5 a6 13. Be3 Rc8 14. Qd2 Qe7
15. Rac1 Rfd8 16. b3 Kh8 17. Na4 Ng8 18. Bg4 h5 19. Rxc8 Rxc8 20. Bxd7 Qxd7 21.
Nb6 Qd8 22. Nxc8 Qxc8 23. Kg2 Nf6 24. f3 Qd7 25. Rc1 Kh7 26. a4 Bf8 27. Qc3 h4
28. Rh1 Nh5 29. g4 Bh6 30. gxh5 Bxe3 31. hxg6+ fxg6 32. Qxe3 1-0

[Event "SV Mülheim-Nord 4 - SC Listiger Bauer 1"]
[Site "Verbandsklasse - Gruppe 3 201"]
[Date "2018.10.07"]
[Round "2.6"]
[White "Vavro, Maximilian"]
[Black "Jondral, Luis"]
[Result "1-0"]
[WhiteElo "1694"]
[BlackElo "1637"]
[PlyCount "49"]
[EventDate "2018.??.??"]

1. Nf3 d5 2. d4 Nf6 3. c4 e6 4. e3 Bb4+ 5. Bd2 Be7 6. Bd3 O-O 7. Nc3 c5 8. Qc2
dxc4 9. Bxc4 Nc6 10. dxc5 Bxc5 11. O-O a6 12. Rfd1 Qe7 13. Ne4 Nxe4 14. Qxe4
Bd7 15. Bc3 f5 16. Qc2 b5 17. Bb3 Rac8 18. Rac1 Bb6 19. Qb1 b4 20. Be5 Nxe5 21.
Nxe5 Bb5 22. Rxc8 Rxc8 23. Qxf5 Bc4 24. Qc2 Bxb3 25. Qxc8+ 1-0

[Event "SV Mülheim-Nord 4 - SC Listiger Bauer 1"]
[Site "Verbandsklasse - Gruppe 3 201"]
[Date "2018.10.07"]
[Round "2.7"]
[White "Jurev, Sergej"]
[Black "Frank, Hartmut"]
[Result "1/2-1/2"]
[WhiteElo "1780"]
[BlackElo "1702"]
[PlyCount "50"]
[EventDate "2018.??.??"]

1. d4 f5 2. c4 Nf6 3. g3 g6 4. Bg2 Bg7 5. Nh3 d6 6. d5 O-O 7. Nf4 Na6 8. h4 Qe8
9. h5 Nc5 10. hxg6 hxg6 11. Be3 Nce4 12. Bd4 c5 13. Bc3 b5 14. cxb5 g5 15. Nh3
Qg6 16. Qc1 Bb7 17. Bxf6 Bxf6 18. Bxe4 fxe4 19. Nc3 Qf5 20. Qd2 Bxc3 21. bxc3
Bxd5 22. Rd1 Bc4 23. Qxg5+ Qxg5 24. Nxg5 e3 25. fxe3 Bxb5 1/2-1/2

[Event "SV Mülheim-Nord 4 - SC Listiger Bauer 1"]
[Site "Verbandsklasse - Gruppe 3 201"]
[Date "2018.10.07"]
[Round "2.8"]
[White "Stadel, Michael"]
[Black "Klink, Thomas"]
[Result "0-1"]
[WhiteElo "1612"]
[BlackElo "1597"]
[PlyCount "64"]
[EventDate "2018.??.??"]

1. e4 c5 2. Nf3 Nc6 3. d4 cxd4 4. Nxd4 d6 5. Nc3 Bd7 6. Be3 Nf6 7. Be2 a6 8.
O-O e6 9. f4 Be7 10. Kh1 O-O 11. g4 Rc8 12. g5 Ne8 13. Qd2 Nxd4 14. Bxd4 Bc6
15. Bg4 Nc7 16. Qf2 Nb5 17. Bb6 Qe8 18. Nxb5 Bxe4+ 19. Bf3 Rxc2 20. Qh4 Bxf3+
21. Rxf3 Qxb5 22. Bg1 Rfc8 23. a4 Qd5 24. Raa3 h6 25. Rad3 Qc6 26. Qg4 hxg5 27.
fxg5 Rc4 28. Qh5 g6 29. Qh3 Bxg5 30. Bd4 e5 31. Bc3 Rf4 32. Rxd6 Qxf3+ 0-1

[Event "SV Waltrop 1 - SF Kirchhellen 1"]
[Site "Verbandsklasse - Gruppe 3 201"]
[Date "2018.10.07"]
[Round "2.1"]
[White "Sinnwell, Horst"]
[Black "Gasper, Joern"]
[Result "1/2-1/2"]
[WhiteElo "2036"]
[BlackElo "2033"]
[PlyCount "88"]
[EventDate "2018.??.??"]

1. Nf3 d5 2. c4 dxc4 3. Na3 Nc6 4. Nxc4 f6 5. d3 e5 6. g3 Be6 7. Ne3 Qd7 8. Bg2
O-O-O 9. O-O g5 10. Qa4 Kb8 11. Re1 Nge7 12. Bd2 Ng6 13. Bc3 Bc5 14. b4 Nxb4
15. Qxd7 Rxd7 16. Bxb4 Bxb4 17. Reb1 Bc3 18. Nxg5 fxg5 19. Rxb7+ Kc8 20. Rab1
c5 21. Nc4 Rxb7 22. Rxb7 Bxc4 23. dxc4 a5 24. Rb5 Bb4 25. a3 Bxa3 26. Rxa5 Bb4
27. Ra7 Bc3 28. Be4 Nf8 29. Bf5+ Kd8 30. Kg2 h5 31. Kf3 Rh6 32. Ra3 Bb4 33.
Ra8+ Ke7 34. Ke4 Be1 35. Ra7+ Ke8 36. f3 Bc3 37. Ra3 Bb2 38. Rb3 Ba1 39. Ra3
Bb2 40. Rb3 Ba1 41. Ra3 Bd4 42. e3 Bb2 43. Rb3 Ba1 44. Ra3 Bb2 1/2-1/2

[Event "SV Waltrop 1 - SF Kirchhellen 1"]
[Site "Verbandsklasse - Gruppe 3 201"]
[Date "2018.10.07"]
[Round "2.2"]
[White "Eckert, Marius"]
[Black "Hoffterheide, Thomas"]
[Result "1-0"]
[WhiteElo "2014"]
[BlackElo "1954"]
[PlyCount "81"]
[EventDate "2018.??.??"]

1. d4 Nf6 2. Bf4 g6 3. Nc3 d6 4. e4 Bg7 5. Qd2 O-O 6. O-O-O c6 7. f3 Be6 8. g4
b5 9. Kb1 b4 10. Nce2 Nbd7 11. h4 Qa5 12. Nc1 h5 13. gxh5 Nxh5 14. Bg5 Ndf6 15.
Nge2 Qc7 16. Nd3 Bc4 17. Ndf4 Bxe2 18. Bxe2 e5 19. Nxh5 Nxh5 20. dxe5 dxe5 21.
Qxb4 Rab8 22. Qc3 Rfe8 23. Bc4 Kh7 24. Rd2 Nf4 25. Rhd1 Qb6 26. Bxf7 Rec8 27.
Bb3 Rc7 28. Bd8 Rxd8 29. Rxd8 Ne2 30. Qd2 Nf4 31. Bg8+ Kh6 32. Bb3 a5 33. a4
Bf6 34. Rd7 Rc8 35. h5 gxh5 36. Rf7 Bg5 37. Qd7 Rb8 38. Rd6+ Ng6 39. Qf5 Qg1+
40. Ka2 Bf4 41. Rff6 1-0

[Event "SV Waltrop 1 - SF Kirchhellen 1"]
[Site "Verbandsklasse - Gruppe 3 201"]
[Date "2018.10.07"]
[Round "2.3"]
[White "Borgs, Martin"]
[Black "Winterberg, Andreas"]
[Result "1/2-1/2"]
[WhiteElo "1969"]
[BlackElo "1986"]
[PlyCount "33"]
[EventDate "2018.??.??"]

1. d4 d5 2. Nf3 Nf6 3. c4 e6 4. Nc3 Be7 5. Bg5 Nbd7 6. e3 O-O 7. Bd3 b6 8. cxd5
exd5 9. O-O Bb7 10. Qe2 c5 11. Ba6 Qc8 12. Bxb7 Qxb7 13. Rfd1 c4 14. Ne5 b5 15.
Nxd7 Qxd7 16. Bxf6 Bxf6 17. Qf3 1/2-1/2

[Event "SV Waltrop 1 - SF Kirchhellen 1"]
[Site "Verbandsklasse - Gruppe 3 201"]
[Date "2018.10.07"]
[Round "2.4"]
[White "Dunsche, Daniel"]
[Black "Schueppel, Werner"]
[Result "1/2-1/2"]
[WhiteElo "1930"]
[BlackElo "1960"]
[PlyCount "70"]
[EventDate "2018.??.??"]

1. e4 g6 2. d4 Bg7 3. Nc3 d6 4. Be3 Nd7 5. f4 c5 6. Nf3 Ngf6 7. Bc4 O-O 8. h3
cxd4 9. Nxd4 Nc5 10. Qf3 e5 11. fxe5 dxe5 12. Nb3 Nxb3 13. Bxb3 Qc7 14. O-O Be6
15. Bxe6 fxe6 16. Qe2 Nh5 17. Kh2 a6 18. g3 Rxf1 19. Rxf1 Rf8 20. Rxf8+ Bxf8
21. a3 Bxa3 22. Nb5 axb5 23. bxa3 Qc3 24. Qd3 Qxd3 25. cxd3 Nf6 26. Kg2 Kf7 27.
Kf3 Ke8 28. Ke2 Kd7 29. Kd2 Kc6 30. Kc3 Nd7 31. Bh6 Nb8 32. Bg7 Nd7 33. Bh8 Kc5
34. Bg7 Kd6 35. Kb4 Kc6 1/2-1/2

[Event "SV Waltrop 1 - SF Kirchhellen 1"]
[Site "Verbandsklasse - Gruppe 3 201"]
[Date "2018.10.07"]
[Round "2.5"]
[White "Schlueter, Christoph"]
[Black "Drewes, Martin"]
[Result "1/2-1/2"]
[WhiteElo "1963"]
[BlackElo "1934"]
[PlyCount "43"]
[EventDate "2018.??.??"]

1. d4 d5 2. Bf4 Nf6 3. e3 e6 4. Nd2 Be7 5. h3 b6 6. Ngf3 O-O 7. Be2 Bb7 8. O-O
c5 9. Re1 Nc6 10. c3 Re8 11. Ne5 Nd7 12. Nxc6 Bxc6 13. Bf3 Bf6 14. Nc4 e5 15.
dxe5 Nxe5 16. Nxe5 Bxe5 17. Bxe5 Rxe5 18. c4 Qd7 19. cxd5 Bxd5 20. Qd3 Qb7 21.
Qc3 Re7 22. Bxd5 1/2-1/2

[Event "SV Waltrop 1 - SF Kirchhellen 1"]
[Site "Verbandsklasse - Gruppe 3 201"]
[Date "2018.10.07"]
[Round "2.6"]
[White "Breidenbach, Rolf"]
[Black "Belitz, Marco"]
[Result "1-0"]
[WhiteElo "1895"]
[BlackElo "1829"]
[PlyCount "73"]
[EventDate "2018.??.??"]

1. d4 Nf6 2. Bf4 d6 3. Nc3 g6 4. e4 Bg7 5. Qd2 a6 6. Bh6 O-O 7. Bxg7 Kxg7 8. h4
h5 9. Be2 b5 10. Bxb5 axb5 11. Nxb5 c5 12. f3 Qa5 13. Nc3 cxd4 14. Qxd4 Nc6 15.
Qd2 Rb8 16. b3 Bd7 17. Nge2 Rfd8 18. a4 Qc5 19. Rd1 Be6 20. Nf4 Rbc8 21. Nxe6+
fxe6 22. Nb5 Qe5 23. O-O d5 24. exd5 Nxd5 25. Rfe1 Qf6 26. Qf2 Nf4 27. Kh2 Ne5
28. Kg1 Qf5 29. Qe3 Rxd1 30. Rxd1 Rxc2 31. Rd2 Rc1+ 32. Kh2 g5 33. Nd4 Qf6 34.
hxg5 Qxg5 35. g3 Neg6 36. Rg2 Nh3 37. Nxe6+ 1-0

[Event "SV Waltrop 1 - SF Kirchhellen 1"]
[Site "Verbandsklasse - Gruppe 3 201"]
[Date "2018.10.07"]
[Round "2.7"]
[White "Gajda, Peter"]
[Black "Sehrbrock, Christoph"]
[Result "0-1"]
[WhiteElo "1824"]
[BlackElo "1794"]
[PlyCount "50"]
[EventDate "2018.??.??"]

1. e4 d5 2. e5 c5 3. d4 cxd4 4. Qxd4 Nc6 5. Bb5 e6 6. Bxc6+ bxc6 7. Nf3 Ba6 8.
Nbd2 Ne7 9. Qg4 Nf5 10. Nb3 Qb6 11. Nfd4 h5 12. Qd1 Nxd4 13. Qxd4 Qb5 14. Qe3
c5 15. Qf3 g6 16. Nd2 Bh6 17. b3 Qa5 18. c3 O-O 19. Nc4 dxc4 20. Bxh6 cxb3 21.
Bxf8 Rxf8 22. a4 b2 23. Rb1 Qxa4 24. Qd1 Qe4+ 25. Kd2 Rd8# 0-1

[Event "SV Waltrop 1 - SF Kirchhellen 1"]
[Site "Verbandsklasse - Gruppe 3 201"]
[Date "2018.10.07"]
[Round "2.8"]
[White "Krause, Dieter"]
[Black "Kueper, Peter"]
[Result "1-0"]
[WhiteElo "1846"]
[BlackElo "1845"]
[PlyCount "69"]
[EventDate "2018.??.??"]

1. Nf3 d5 2. c4 Nf6 3. cxd5 Nxd5 4. Nc3 g6 5. Qb3 e6 6. d4 Bg7 7. h4 c6 8. e4
Nxc3 9. bxc3 Nd7 10. h5 Qb6 11. Be3 Qxb3 12. axb3 c5 13. h6 Bf6 14. Bb5 cxd4
15. cxd4 O-O 16. O-O Nb6 17. Ra2 Bd7 18. Bxd7 Nxd7 19. Rc1 Bd8 20. Nd2 b5 21.
d5 exd5 22. exd5 Bb6 23. Bxb6 Nxb6 24. d6 f5 25. Nf3 Rfd8 26. Rc6 Rac8 27. Rxb6
axb6 28. Ra7 g5 29. Rg7+ Kf8 30. Rxh7 Rc1+ 31. Kh2 Rxd6 32. Nxg5 Rcc6 33. Rf7+
Kg8 34. h7+ Kh8 35. Rf8+ 1-0

[Event "SG Bochum 2 - Weiße Dame Borbeck 1"]
[Site "Regionalliga 2018/2019"]
[Date "2018.10.28"]
[Round "3.1"]
[White "Loyen, Egbert"]
[Black "Tkachuk, Konstantyn"]
[Result "1/2-1/2"]
[WhiteElo "2189"]
[BlackElo "2262"]
[Annotator "Daniel"]
[PlyCount "112"]
[EventDate "2018.??.??"]

1. Nf3 g6 2. e4 d6 3. d4 Bg7 4. Bc4 c6 5. Bb3 Nf6 6. Nbd2 O-O 7. O-O Nbd7 8.
Re1 e5 9. c3 b5 10. a4 Bb7 11. a5 c5 12. d5 a6 13. Nf1 c4 14. Bc2 Nc5 15. Ng3
Bc8 16. Be3 Qc7 17. h3 Nfd7 18. Qd2 Nb7 19. Bh6 f6 20. h4 Nxa5 21. Be3 Nb7 22.
h5 g5 23. Nf5 h6 24. Ne7+ Kh7 25. Ng6 Rf7 26. Nh2 Nf8 27. Nxf8+ Rxf8 28. g4 Nc5
29. f3 Bd7 30. Nf1 Rfb8 31. Qe2 Bf8 32. Kg2 Be7 33. Qf2 Rc8 34. Red1 Bd8 35.
Ng3 Kg7 36. Ne2 Qb7 37. f4 Bxg4 38. fxg5 fxg5 39. Rf1 Qe7 40. Ng3 Rc7 41. Bxc5
dxc5 42. d6 Qxd6 43. Rad1 Qf6 44. Qe3 Qe6 45. Nf5+ Bxf5 46. exf5 Qf6 47. Rd5
Re7 48. Rfd1 Bc7 49. Be4 Rae8 $11 50. Qxc5 g4 51. Rd7 Bb6 52. Qd6 Rxd7 53.
Qxd7+ Re7 54. Qd6 Be3 55. Rd5 Bc1 56. Rd1 Bf4 1/2-1/2

[Event "SG Bochum 2 - Weiße Dame Borbeck 1"]
[Site "Regionalliga 2018/2019"]
[Date "2018.10.28"]
[Round "3.2"]
[White "Tkachuk, Sergij"]
[Black "Hillenbrand, Michael"]
[Result "1-0"]
[WhiteElo "2178"]
[BlackElo "2087"]
[PlyCount "59"]
[EventDate "2018.??.??"]

1. e4 g6 2. d4 Bg7 3. f4 d6 4. Nf3 e6 5. c3 Nd7 6. Bd3 e5 7. Qe2 Ne7 8. O-O
exd4 9. cxd4 O-O 10. Nc3 c5 11. d5 Nb6 12. a4 Bg4 13. a5 Nd7 14. h3 Bxf3 15.
Qxf3 a6 16. g4 Rc8 17. Bc4 f5 18. gxf5 gxf5 19. e5 Bxe5 20. fxe5 Nxe5 21. Qe2
N7g6 22. Bb3 Qh4 23. Qh2 Rc7 24. Bf4 Rg7 25. Kh1 Nxf4 26. Rxf4 Qh6 27. Bc2 Ng6
28. Rxf5 Rxf5 29. Bxf5 Qe3 30. Qe2 1-0

[Event "SG Bochum 2 - Weiße Dame Borbeck 1"]
[Site "Regionalliga 2018/2019"]
[Date "2018.10.28"]
[Round "3.3"]
[White "Klasmeier, Jens"]
[Black "Stricker, Florian"]
[Result "1/2-1/2"]
[WhiteElo "2090"]
[BlackElo "2037"]
[Annotator "Daniel"]
[PlyCount "91"]
[EventDate "2018.??.??"]

1. e4 d6 2. d4 Nd7 3. Nc3 Ngf6 4. Nf3 e5 5. g4 Nxg4 6. Rg1 exd4 7. Nxd4 Nde5 8.
h3 Nf6 9. f4 Ng6 10. Be3 d5 11. Qd3 c6 12. O-O-O Bb4 13. Nxd5 Nxd5 14. exd5
Qxd5 15. c4 Qd6 16. f5 Ne5 17. Qe4 Qe7 18. Rxg7 Ng6 19. Nxc6 Bxf5 20. Qxf5 bxc6
21. Bg5 Qe6 22. Qxe6+ fxe6 23. Bg2 Ne7 24. Bxe7 Bxe7 25. Bxc6+ Kf8 26. Rg4 Rc8
27. Bd7 Rc5 28. Rf1+ Rf5 29. Rxf5+ exf5 30. Bxf5 h5 31. Re4 Rg8 32. Re2 Rg3 33.
Kc2 h4 34. a3 Kf7 35. Rd2 Kf6 36. Bd7 Ke5 37. Re2+ Kd6 38. Bg4 Bg5 39. c5+ Kc7
40. a4 a5 41. Re6 Be3 $11 42. c6 Bf4 43. b3 Re3 44. Rxe3 Bxe3 45. Kd3 Bc5 46.
Bf3 1/2-1/2

[Event "SG Bochum 2 - Weiße Dame Borbeck 1"]
[Site "Regionalliga 2018/2019"]
[Date "2018.10.28"]
[Round "3.4"]
[White "Rempe, Moritz"]
[Black "Dewenter, Ulf"]
[Result "1/2-1/2"]
[WhiteElo "2011"]
[BlackElo "2109"]
[Annotator "Daniel"]
[PlyCount "111"]
[EventDate "2018.??.??"]

1. e4 e6 2. d4 d5 3. exd5 exd5 4. Nf3 Nc6 5. Bd3 Bg4 6. c3 Bd6 7. O-O Nge7 8.
Nbd2 Qd7 9. Re1 h6 10. b4 O-O 11. Qc2 a6 12. Ne5 Bxe5 13. dxe5 Bf5 14. Nb3 Bxd3
15. Qxd3 b6 16. Bf4 Rfe8 17. Bg3 Qf5 18. Rad1 Qxd3 19. Rxd3 a5 20. b5 Nd8 21.
Nd4 Ne6 22. Nxe6 fxe6 23. a4 Rac8 24. f4 c5 25. bxc6 Rxc6 26. Rb1 Rec8 27. Be1
Kf7 28. g3 Rc4 29. Rxb6 Rxa4 30. Ra6 Ra2 31. Rd2 Ra1 32. Kf2 Rxc3 33. Rb2 Rc7
34. Rxa5 Rxa5 35. Bxa5 Ra7 36. Bd2 h5 37. Be3 $11 Rc7 38. h3 Nf5 39. Bd2 Kg6
40. g4 hxg4 41. hxg4 Nh6 42. Kf3 Ra7 43. f5+ Nxf5 44. gxf5+ Kxf5 45. Rb8 Ra3+
46. Kf2 Kxe5 47. Rg8 Kd4 48. Rxg7 e5 49. Ke2 Rh3 50. Be1 Re3+ 51. Kd2 Rd3+ 52.
Ke2 e4 53. Bf2+ Ke5 54. Re7+ Kf5 55. Rd7 Ke6 56. Rd8 1/2-1/2

[Event "SG Bochum 2 - Weiße Dame Borbeck 1"]
[Site "Regionalliga 2018/2019"]
[Date "2018.10.28"]
[Round "3.5"]
[White "Poetter, Clemens"]
[Black "Biermann, Lenhard"]
[Result "0-1"]
[WhiteElo "2011"]
[BlackElo "2085"]
[PlyCount "94"]
[EventDate "2018.??.??"]

1. d4 e6 2. Nf3 Nf6 3. c4 d5 4. e3 Be7 5. Nc3 O-O 6. Bd3 dxc4 7. Bxc4 a6 8. a4
c5 9. O-O Nc6 10. dxc5 Bxc5 11. Qe2 Qe7 12. e4 Rd8 13. e5 Nd5 14. Ne4 h6 15.
Rd1 Ncb4 16. h4 Bd7 17. Nfg5 Rac8 18. Nxc5 Qxc5 19. Bxd5 exd5 20. e6 fxe6 21.
Nf3 Qc2 22. Rd2 Qf5 23. Nd4 Qf6 24. h5 e5 25. Nf3 Re8 26. Ne1 d4 27. Qd1 Nd5
28. Re2 e4 29. Ra3 d3 30. Nxd3 exd3 31. Rxe8+ Bxe8 32. Rxd3 Bf7 33. Rxd5 Rxc1
34. Qxc1 Bxd5 35. Qc8+ Qf8 36. Qd7 Qf7 37. Qc8+ Kh7 38. Qc2+ Kh8 39. Qc8+ Qg8
40. Qf5 Qe6 41. Qf4 Qf7 42. Qb8+ Kh7 43. Qe5 Qe6 44. Qf4 a5 45. Qd2 b6 46. b4
axb4 47. Qxb4 Qe4 0-1

[Event "SG Bochum 2 - Weiße Dame Borbeck 1"]
[Site "Regionalliga 2018/2019"]
[Date "2018.10.28"]
[Round "3.6"]
[White "Biermann, Florian"]
[Black "Korste, Sebastian"]
[Result "1-0"]
[WhiteElo "2046"]
[BlackElo "1922"]
[PlyCount "71"]
[EventDate "2018.??.??"]

1. c4 Nf6 2. g3 e6 3. Bg2 d5 4. Nf3 dxc4 5. O-O c6 6. a4 Qc7 7. Qc2 b6 8. Na3
Bb7 9. Nxc4 Nbd7 10. d4 Rc8 11. Bf4 Qd8 12. a5 Nd5 13. Bd6 b5 14. Bxf8 Nxf8 15.
Ncd2 Nd7 16. e4 Nb4 17. Qc3 Qe7 18. Nb3 Na6 19. Nfd2 h5 20. e5 Ba8 21. Ne4 O-O
22. Nd6 Rc7 23. Nc5 b4 24. Qe3 Naxc5 25. dxc5 Bb7 26. a6 Bc8 27. f4 f5 28. Rfc1
Nb8 29. Bf1 Kh7 30. h4 Rg8 31. Rc2 Nd7 32. b3 Nf8 33. Be2 g6 34. Bf3 Kh8 35.
Rc4 Bd7 36. Rxb4 1-0

[Event "SG Bochum 2 - Weiße Dame Borbeck 1"]
[Site "Regionalliga 2018/2019"]
[Date "2018.10.28"]
[Round "3.7"]
[White "Friedrich, Patrick"]
[Black "Zeldin, Vitali"]
[Result "1-0"]
[WhiteElo "1913"]
[BlackElo "1979"]
[PlyCount "59"]
[EventDate "2018.??.??"]

1. d4 d5 2. Nf3 Nf6 3. e3 e6 4. Bd3 c5 5. b3 Nc6 6. Bb2 cxd4 7. exd4 Bd6 8. O-O
O-O 9. Nbd2 Nd7 10. Re1 Re8 11. Ne5 Ncxe5 12. dxe5 Bc5 13. Qg4 Nf8 14. Re2 Qb6
15. h4 Bd7 16. a4 a5 17. h5 h6 18. Nf3 Nh7 19. Bc3 Rec8 20. Bd2 Kh8 21. Qf4 Be8
22. g4 Be7 23. Qg3 Qd8 24. Kh2 Bc5 25. g5 Nxg5 26. Nxg5 hxg5 27. Bxg5 Be7 28.
Be3 Rab8 29. Rg1 Bf8 30. Bh6 1-0

[Event "SG Bochum 2 - Weiße Dame Borbeck 1"]
[Site "Regionalliga 2018/2019"]
[Date "2018.10.28"]
[Round "3.8"]
[White "Butschek, Marc"]
[Black "Klasmeier, Hartmut"]
[Result "1-0"]
[WhiteElo "1960"]
[BlackElo "1872"]
[PlyCount "45"]
[EventDate "2018.??.??"]

1. e4 e6 2. Nf3 b6 3. Bc4 Bb7 4. d3 Ne7 5. Bb3 Nbc6 6. O-O Ng6 7. c3 Bd6 8. d4
Na5 9. Bc2 Nc6 10. Re1 e5 11. Nbd2 b5 12. Qe2 a6 13. Nf1 O-O 14. Ng3 Re8 15.
Nf5 Bf8 16. Ng5 d5 17. Qh5 h6 18. Nxf7 Kxf7 19. exd5 Qf6 20. dxc6 Qxc6 21. d5
Qf6 22. Nh4 Bc5 23. Qxg6+ 1-0

[Event "SV Welper 1 - SV Kamen 1"]
[Site "Regionalliga 2018/2019"]
[Date "2018.10.28"]
[Round "3.1"]
[White "Weidemann, Christian"]
[Black "Fuellgrabe, Thomas"]
[Result "0-1"]
[WhiteElo "2290"]
[BlackElo "2232"]
[PlyCount "92"]
[EventDate "2018.??.??"]

1. e4 e5 2. Nf3 Nc6 3. Nc3 Nf6 4. Bb5 Bc5 5. Nxe5 Nxe5 6. d4 Bd6 7. f4 Nc6 8.
e5 Bb4 9. exf6 Qxf6 10. Be3 d5 11. O-O Bxc3 12. bxc3 Bf5 13. c4 O-O-O 14. cxd5
Nb4 15. Bf2 Nxc2 16. Rc1 Qg6 17. Qd2 Be4 18. Bg3 Rxd5 19. Bc4 Rxd4 20. Qc3 Rhd8
21. Rf2 Qc6 22. Rfxc2 Bxc2 23. Rxc2 Rxc4 24. Qxc4 Rd1+ 25. Be1 Rxe1+ 26. Kf2
Qxc4 27. Rxc4 Rb1 28. Rc2 a5 29. Ke3 Rb4 30. g4 b6 31. h4 Ra4 32. h5 Kd7 33. g5
c5 34. Kf3 Rd4 35. Rh2 b5 36. f5 Rd6 37. Kf4 c4 38. Rc2 a4 39. Ke5 f6+ 40. gxf6
gxf6+ 41. Ke4 Kc6 42. a3 Kc5 43. Rg2 c3 44. h6 Kc4 45. Rg7 c2 46. Rxh7 Rc6 0-1

[Event "SV Welper 1 - SV Kamen 1"]
[Site "Regionalliga 2018/2019"]
[Date "2018.10.28"]
[Round "3.2"]
[White "Kemna, Guido"]
[Black "Himmel, Hansjoerg"]
[Result "0-1"]
[WhiteElo "2138"]
[BlackElo "2208"]
[PlyCount "60"]
[EventDate "2018.??.??"]

1. e4 c5 2. Nf3 e6 3. d4 cxd4 4. Nxd4 a6 5. Bd3 Bc5 6. Nb3 Be7 7. O-O d6 8. c4
Nd7 9. Qe2 b6 10. Nc3 Bb7 11. f4 Ngf6 12. Nd2 Qc7 13. b3 h5 14. Bb2 h4 15. Rac1
Qc5+ 16. Qf2 d5 17. h3 Qxf2+ 18. Kxf2 Nc5 19. Bb1 dxe4 20. b4 Rd8 21. Ke3 Nd3
22. Bxd3 Rxd3+ 23. Ke2 Rg3 24. a3 Rxg2+ 25. Rf2 Rg3 26. Rh2 O-O 27. Nf1 Rf3 28.
Ne3 Nh5 29. Ng2 Ng3+ 30. Kd1 Rf2 0-1

[Event "SV Welper 1 - SV Kamen 1"]
[Site "Regionalliga 2018/2019"]
[Date "2018.10.28"]
[Round "3.3"]
[White "Luetke, Jens"]
[Black "Sohlmann, Jan-Henning"]
[Result "1-0"]
[WhiteElo "2188"]
[BlackElo "2185"]
[PlyCount "97"]
[EventDate "2018.??.??"]

1. Nf3 Nf6 2. d4 g6 3. c4 d6 4. Nc3 Bg7 5. Bg5 O-O 6. e3 c6 7. Be2 a6 8. O-O b5
9. a3 bxc4 10. Bxc4 a5 11. Rc1 Ba6 12. Qe2 h6 13. Bxf6 Bxf6 14. e4 Bg7 15. e5
Qb6 16. Na4 Qb7 17. h4 Bb5 18. Qc2 Na6 19. Rfe1 Rac8 20. h5 Bxc4 21. Qxc4 gxh5
22. Re3 c5 23. Rb3 Qa7 24. e6 Bf6 25. Nb6 Rb8 26. Nd7 Rbc8 27. Nxf8 Rxf8 28.
exf7+ Rxf7 29. Qd5 Nc7 30. Qxh5 cxd4 31. Nh2 Bg5 32. Rf1 Nd5 33. Qg6+ Kf8 34.
Nf3 Nf4 35. Qe4 d3 36. Rxd3 Nxd3 37. Qxd3 Bf6 38. b4 axb4 39. axb4 Kg7 40. Qe4
Qb6 41. Rc1 Rf8 42. Rc4 Kh8 43. Qg6 Qa7 44. Qxh6+ Kg8 45. Qg6+ Bg7 46. Qe6+ Rf7
47. Rf4 Qa1+ 48. Kh2 Bf6 49. Ng5 1-0

[Event "SV Welper 1 - SV Kamen 1"]
[Site "Regionalliga 2018/2019"]
[Date "2018.10.28"]
[Round "3.4"]
[White "Linde, Wolfgang"]
[Black "Kilian, Ralf"]
[Result "1-0"]
[WhiteElo "2166"]
[BlackElo "2082"]
[PlyCount "67"]
[EventDate "2018.??.??"]

1. e4 e6 2. d4 d5 3. Nd2 c5 4. c3 Nc6 5. Ngf3 cxd4 6. cxd4 Nf6 7. Bd3 dxe4 8.
Nxe4 Be7 9. O-O Bd7 10. a3 Qb6 11. Be3 Nd5 12. Nc3 Nxc3 13. bxc3 Qc7 14. Re1
O-O 15. Ng5 g6 16. h4 f5 17. Bd2 Bxg5 18. Bxg5 Na5 19. Re5 b6 20. c4 Nxc4 21.
Rc1 b5 22. Rc5 Qd6 23. Bxc4 bxc4 24. R1xc4 Rac8 25. Qc1 Qa6 26. Bf4 Rxc5 27.
dxc5 Bc6 28. h5 Qb7 29. Rb4 Qd7 30. Bd6 Re8 31. hxg6 hxg6 32. Rh4 e5 33. Qc3
Qg7 34. Qb3+ 1-0

[Event "SV Welper 1 - SV Kamen 1"]
[Site "Regionalliga 2018/2019"]
[Date "2018.10.28"]
[Round "3.5"]
[White "Seepe, Udo"]
[Black "Schaller, Fabian"]
[Result "1/2-1/2"]
[WhiteElo "2068"]
[BlackElo "1983"]
[PlyCount "29"]
[EventDate "2018.??.??"]

1. c4 Nf6 2. g3 g6 3. Bg2 Bg7 4. d4 O-O 5. Nc3 d6 6. e4 e5 7. Nge2 Nc6 8. d5
Ne7 9. O-O Nd7 10. Be3 f5 11. f3 a5 12. Qd2 b6 13. Bg5 Bf6 14. Bh6 Bg7 15. Bg5
1/2-1/2

[Event "SV Welper 1 - SV Kamen 1"]
[Site "Regionalliga 2018/2019"]
[Date "2018.10.28"]
[Round "3.6"]
[White "Conrad, Joachim"]
[Black "Rumpf, Thomas"]
[Result "1-0"]
[WhiteElo "1998"]
[BlackElo "2014"]
[PlyCount "119"]
[EventDate "2018.??.??"]

1. d4 Nf6 2. Bg5 c6 3. Nf3 Ne4 4. Bf4 d5 5. Nbd2 Qb6 6. Qc1 Nd7 7. e3 Ndf6 8.
c3 Bf5 9. Nxe4 Nxe4 10. Nd2 e6 11. Be2 Be7 12. Bf3 Nxd2 13. Qxd2 O-O 14. O-O c5
15. Rfe1 Rac8 16. Rad1 a5 17. Be5 Bg6 18. Qe2 f6 19. Bg3 f5 20. Be5 c4 21. Rd2
Qc6 22. g3 b5 23. Bg2 b4 24. f3 Rfe8 25. e4 a4 26. exd5 exd5 27. f4 Bf7 28. Rb1
Ra8 29. cxb4 Bxb4 30. Rc2 Ra7 31. Rbc1 Rb7 32. Rxc4 Qb5 33. R4c2 Qxe2 34. Rxe2
Be6 35. Rc6 Rb5 36. Rec2 Kf7 37. Ra6 Ra5 38. Rb6 Be7 39. Kf2 Rc8 40. Rxc8 Bxc8
41. Ke3 g5 42. Bf3 g4 43. Be2 h5 44. Bd3 h4 45. Rb8 Be6 46. Bc7 Ra7 47. Bb6 Rd7
48. Bb5 Bd6 49. Bxd7 Bxb8 50. Bxa4 h3 51. Bc5 Bc8 52. Bc6 Ke6 53. b3 Bd7 54.
Bb7 Bc7 55. a4 Ba5 56. Ke2 Bc7 57. Kf2 Ba5 58. b4 Bxb4 59. Bxb4 Bxa4 60. Bc8+
1-0